Contemporary linguistic analysis : (Record no. 1659)

000 -LEADER
fixed length control field 01239pam a2200409 a 4500
003 - CONTROL NUMBER IDENTIFIER
control field ALUPE UNIVERSITY
005 - DATE AND TIME OF LATEST TRANSACTION
control field 20210629094310.0
008 - FIXED-LENGTH DATA ELEMENTS--GENERAL INFORMATION
fixed length control field 080103r20092008onca b 001 0 eng
020 ## - INTERNATIONAL STANDARD BOOK NUMBER
International Standard Book Number 9780321476661
020 ## - INTERNATIONAL STANDARD BOOK NUMBER
International Standard Book Number 0321476662
038 ## - RECORD CONTENT LICENSOR
Record content licensor OCoLC
040 ## - CATALOGING SOURCE
Transcribing agency ALUPE UNIVERSITY
043 ## - GEOGRAPHIC AREA CODE
Geographic area code n-cn---
049 ## - LOCAL HOLDINGS (OCLC)
Local processing data o
050 ## - LIBRARY OF CONGRESS CALL NUMBER
Classification number P 126
Item number .C66 2009
055 01 - CLASSIFICATION NUMBERS ASSIGNED IN CANADA
Classification number P126
055 00 - CLASSIFICATION NUMBERS ASSIGNED IN CANADA
Classification number P126
Item number C66 2008 fol.
090 ## - LOCALLY ASSIGNED LC-TYPE CALL NUMBER (OCLC); LOCAL CALL NUMBER (RLIN)
Classification number (OCLC) (R) ; Classification number, CALL (RLIN) (NR) NLS
Local cutter number (OCLC) ; Book number/undivided call number, CALL (RLIN) PB6.209.217/1
245 00 - TITLE STATEMENT
Title Contemporary linguistic analysis :
Remainder of title an introduction /
Statement of responsibility, etc. edited by William O'Grady and John Archibald.
250 ## - EDITION STATEMENT
Edition statement 6th ed.
260 ## - PUBLICATION, DISTRIBUTION, ETC.
Place of publication, distribution, etc. Toronto :
Name of publisher, distributor, etc. Pearson Longman,
Date of publication, distribution, etc. c2009 [i.e. 2008]
300 ## - PHYSICAL DESCRIPTION
Extent xiv, 576 p. :
Other physical details ill. ;
Dimensions 26 cm.
500 ## - GENERAL NOTE
General note Includes indexes.
500 ## - GENERAL NOTE
General note Includes access code to a companion website.
504 ## - BIBLIOGRAPHY, ETC. NOTE
Bibliography, etc. note Includes bibliographical references.
650 #0 - SUBJECT ADDED ENTRY--TOPICAL TERM
Topical term or geographic name entry element Linguistics
Form subdivision Textbooks.
700 1# - ADDED ENTRY--PERSONAL NAME
Personal name Archibald, John.
700 1# - ADDED ENTRY--PERSONAL NAME
Personal name O'Grady, William.
942 ## - ADDED ENTRY ELEMENTS (KOHA)
Source of classification or shelving scheme
Koha item type Book
Suppress in OPAC PW
Holdings
Withdrawn status Lost status Source of classification or shelving scheme Damaged status Not for loan Permanent Location Current Location Shelving location Date acquired Total Checkouts Full call number Barcode Date last seen Date last checked out Price effective from Koha item type Public note
          AU LIBRARY AU LIBRARY Open Shelf 29.06.2021 3 P 126 .C66 2009 28000846 08.03.2022 02.03.2022 29.06.2021 Book PW

Powered by Koha